| 000 | 00918nam a2200229 i 4500 | ||
|---|---|---|---|
| 001 | 25977 | ||
| 003 | ES-MaACL | ||
| 005 | 20250829103228.0 | ||
| 007 | t| | ||
| 008 | 030107s1962 sp ||||1| spa d | ||
| 245 | 0 | 0 |
_aArte de Colombia : _bexposición patrocinada por la Dirección General de Bellas Artes y el Instituto de Cultura Hispánica. Salas de Exposiciones de la Sociedad Española de Amigos del Arte... noviembre-diciembre 1962. |
| 260 |
_aMadrid : _bCastilla, _c1962. |
||
| 300 |
_a96 p., 28 lám. ; _c27 cm. |
||
| 650 | 4 |
_aArte colombiano- _vExposiciones. _9171670 |
|
| 655 | 7 |
_2tgfbne _9193628 _aCatálogos de exposiciones |
|
| 710 | 1 |
_aEspaña. _bDirección General de Bellas Artes. _93704 |
|
| 710 | 2 |
_aInstituto de Cultura Hispánica (España) _94854 |
|
| 710 | 2 |
_aSociedad Española de Amigos del Arte _96707 |
|
| 852 |
_aES-MaACL _jC-24404 |
||
| 942 | _2udc | ||
| 999 |
_c25977 _d25977 |
||